000 00561nam a22001697a 4500
999 _c10872
_d10872
008 180925b ||||| |||| 00| 0 eng d
020 _a978-1-68094-918-6
082 _22018
_aDC 629.28
_bAu82
245 _aAutomotive body repairing :
_b intermediate /
_cedited by 3G E-Learning
250 _aSecond Edition
260 _aNew York :
_b3G E-Learning,
_c©2018.
300 _av, 332 pages :
_bcolor illustrations ;
_c30 cm.
500 _aIncludes index.
650 _aAutomobiles -- Maintenance and repair.
_931627
365 _b6,995.00
_cPhp.
942 _2ddc
_cDC